000 00226nam a22000857a 4500
008 160905b xxu||||| |||| 00| 0 eng d
100 _9304
_aVerma S
245 _aMathematics-X
_bTerm-I
260 _aNew Delhi
_bS.Chand publication
_c2011
999 _c2964
_d2964